NATO Countries Capitals - Statistics

General Stats
  • This quiz has been taken 382 times
  • The average score is 22 of 28
Answer Stats
Hint Answer % Correct
United Kingdom London
92%
France Paris
91%
Italy Rome
90%
Germany Berlin
88%
Belgium Brussels
88%
Canada Ottawa
88%
Greece Athens
87%
Spain Madrid
86%
United States of America Washington D.C.
86%
Netherlands Amsterdam/The Hague
84%
Norway Oslo
84%
Poland Warsaw
84%
Denmark Copenhagen
83%
Portugal Lisbon
82%
Luxembourg Luxembourg
81%
Czech Republic Prague
81%
Hungary Budapest
80%
Turkey Ankara
78%
Bulgaria Sofia
78%
Croatia Zagreb
75%
Romania Bucharest
73%
Iceland Reykjavik
72%
Latvia Riga
72%
Albania Tirana
71%
Estonia Tallinn
69%
Slovakia Bratislava
67%
Lithuania Vilnius
62%
Slovenia Ljubljana
59%
No matching quizzes found
Score Distribution
Percent of People with Each Score
Percentile by Number Answered
Your Score History
You have not taken this quiz